=LDR 00000nam 2200000 4500 =001 INLIS000000000003718 =005 20130612092024 =008 ***********************************Ind** =035 ##$$0010-061300000003718 =041 ##$$a Ind =082 ##$$a 614.4 =090 ##$$a 614.4, Fle s =100 ##$$a Fletcher, Robert H =245 ##$$a Sari Epidemologi klinik, Robert H.Fletcher, Suzanne W.Fletcher, Edward H.Wagner; penerjemah, Tommy Sadjuman =260 ##$$a 1991 $b Yogyakarta =300 ##$$a xii, 342 hlm., ilus., 21 cm =650 ##$$a Epidemologi =700 ##$$a Fletcher, Suzanne 3.Wagner, Edward H. 4.Sajuman, Tommy =850 ##$$a NBPNMAT